000 00628nam a2200205Ia 4500
003 GCL
008 140319s9999 xx 000 0 ara d
040 _aGCL /
_cGCL
082 0 4 _aق
_b390.962
_bس ع
100 1 _aسمية حسن محمد ابراهيم
245 1 0 _aالعادات المصرية القديمة فى العصر الاسلامى /
_cسمية حسن محمد ابراهيم
300 _a135
490 _a100 قصة
_v0
650 0 4 _aالعادات والتقاليد
650 0 4 _aمصر القديمة
650 0 4 _aالحلى
650 0 4 _aالغناء
650 0 4 _aالعطور
942 _2ddc
_cBK
999 _c43465
_d43465